000 00275nam a22001217a 4500
020 _a9781111534639
100 _akeller gerald
245 _amanagerial statistics
250 _a9th ed
260 _bSOUTH WESTERN cengage LEARNING
_c2012
300 _a921
_bILL
942 _cBK
999 _c251648
_d251648